00726 2200193 4500001002100000005001500021035002000036245005400056100001700110250001700127300002800144260003100172082000800203084001400211020002200225650001400247520023500261500003600496INLIS00000000000009720240506095021 a0010-05240000191 aPutri Elina dan Marmut yang Kalah /cLiza Erfiana0 aLiza Erfiana acetakan ke-1 a32 hlm :bilus ;c25 cm aSolo :bTiga Ananda,c2019 a813 a813 LIZ p a978-623-206-256-6 4aBuku anak aMarmut peliharaan putri elina akan diikutkan lomba lari. akan tetapi, tunggu dulu, ia jarang diliatin dan diberi makan. ia pun merasa kurang kasih sayang dari putri elina. apakah marmut putri elina akan memenangkan lomba tersebut. aseri putri dan hewan kesayangan